000 00672cab a2200229 4500
001 ABS59828
008 090401t1998 xxu||||| |||| 00| 0 eng d
035 _a(Sirsi) u90340
041 _aeng
100 _aBrigden, D.
245 _aNotices: some pitfalls for the unwary
260 _c1998
350 _a0
490 _aSolicitors` Journal
_v142(47) 11 December 1998, 1136(1)
520 _aReviews some of the cases on rent review notices where there is a requirement to specify a rent.
650 _aNOTICES
650 _aRENT REVIEW CLAUSES
650 _aSPECIFIED RENTS
690 _aLANDLORD AND TENANT-RENT REVIEWS
942 _n0
948 _c16/12/1998
999 _c57270
_d57270